000 00599nam a2200193Ia 4500
003 GCL
008 140319s9999 xx 000 0 ara d
040 _aGCL /
_cGCL
082 0 4 _a650.04
_bا ن
100 1 _aاحمد محمد عبدالخالق
245 1 0 _aالانقلاب الصناعى فى انجلترا /
_cاحمد محمد عبدالخالق
700 1 _aاشن، ن . س
700 1 _aخيرى عيسى
300 _a196 ص
490 _aالالف كتاب
_v0
650 0 4 _aالصناعة
650 0 4 _aبريطانيا - الصناعات التحويلية
942 _2ddc
_cBK
999 _c44874
_d44874